Ley de sociedades comerciales : ley no. 19550 :
Guardado en:
| Formato: | Libro |
|---|---|
| Publicado: |
Buenos Aires :
A-z,
1995
|
| Edición: | 13a. ed. |
| Materias: | |
| Etiquetas: |
Agregar Etiqueta
Sin Etiquetas, Sea el primero en etiquetar este registro!
|
| LEADER | 00539nam a22001935a 4500 | ||
|---|---|---|---|
| 001 | CEM.cems010217 | ||
| 005 | 20100601094841.0 | ||
| 008 | 130507s1995##################000#0#####d | ||
| 003 | CEMS | ||
| 020 | |a 9505340397 | ||
| 082 | 0 | 4 | |a 347.51 |
| 245 | 0 | 0 | |a Ley de sociedades comerciales : |b ley no. 19550 : |
| 250 | |a 13a. ed. | ||
| 260 | |a Buenos Aires : |b A-z, |c 1995 | ||
| 300 | |a 173 p. | ||
| 505 | 0 | |a Ley no. 19550 | |
| 653 | |a Sociedades comerciales | ||
| 653 | |a Ley no. 19550 | ||
| 859 | |a CEMS |b BIB. CEMS - 11 de abril |h 347.51 |i Ar37-5a13 |p 20600.99 |t Ej.1 | ||
